| 000 | 00324 a2200109 4500 | ||
|---|---|---|---|
| 020 | _a9788418956218 | ||
| 041 | _aspa | ||
| 100 | _aKleiman, Karen | ||
| 245 | _aLas buenas Mamas : tienen pensamientos aterradores, pero no pasa nada : una guia sanadora para los miedos secretos de las madres | ||
| 942 | _cBK | ||
| 999 |
_c29975 _d29973 |
||
| 999 | _d29973 | ||